Plan de Cuentas para sistemas contables 2016

Bibliographic Details
Main Author: Uribe Medina, Luis Ral︢
Format: Book
Language:Spanish
Published: Brasil ECOE 2016
Subjects:
Online Access:Acceso restringido

MARC

LEADER 00000nam a22000007a 4500
005 2016051004554.0
007 cr|||| ||u|
008 160510s2016 ck ||||| |||| 00||0 spa d
020 |a 978-958-771-312-1 
035 |a 14116 
040 |a vLex  
090 |c 6058  |d 6058 
100 1 |a Uribe Medina, Luis Ral︢  
245 1 0 |a Plan de Cuentas para sistemas contables 2016  |h [Recurso electrn̤ico] /  |c Luis Ral︢ Uribe Medina  
256 |a Servicio en ln̕ea  
260 |a Brasil  |b ECOE  |c 2016 
300 |a 1 recurso electrn̤ico  
500 |a El props̤ito del plan de cuentas es uniformizar el registro de las operaciones contables en compaą̕s con el objeto de presentar informes comprensibles y facilitar comparaciones con otras entidades. Las empresas en Colombia estǹ en medio de un proceso de convergencia a las normas internacionales de contabilidad y de informacin̤ financiera (NIC-NIIF) desde la promulgacin̤ de la Ley 1314 de 2009, la cual regula los principios y normas de contabilidad e informacin̤ financiera y de aseguramiento de la informacin̤ en el pas̕. En esta nueva edicin̤ del Plan de cuentas para sistemas contables, el autor contextualiza el Decreto 2649 de 1993 con las NIC-NIIF (plenas y pymes), y las compara con las normas contables colombianas, marco que le sirve para presentar su propuesta de plan de cuentas, homologado con el Decreto 2650 de 1993 (Plan Único de Cuentas para Comerciantes). Como valor agregado, en esta nueva edicin̤ se incluyen ejercicios de reconocimiento bajo los PCGA (Principios de Contabilidad Generalmente Aceptados) y bajo normas internacionales. Los contadores tienen en este libro una herramienta t︢il y prc̀tica para registrar, organizar y presentar la informacin̤ contable, financiera y de aseguramiento en entidades colombianas dentro del proceso de convergencia a normas internacionales. 
506 1 |a Contenido solo disponible en los productos indicados  |d vLex Global  |d vLex Global (Academic Edition, excluding Law Schools)  |d vLex Global (U.S. Academic Edition, Law Schools)  |d vLex Global (U.S. Academic Edition, excluding Law Schools)  |d vLex Global (Academic Edition, Law Schools) 
650 0 4 |a Economia   |b Brasil 
740 0 |a vLex libros (servicio en ln̕ea) 
856 4 0 |u http://vlex.com/source/plan-de-cuentas-para-sistemas-contables-2016-14116  |z Acceso restringido 
942 |c BOOK 
999 0 |a Economics  |b Brasil